[Event "Muensterland Verbandsklasse 1617"]
[Site "Germany"]
[Date "2017.03.04"]
[Round "7.1"]
[White "Fuisting, Dominik"]
[Black "Stevermueer, Ruediger"]
[Result "1/2-1/2"]
[WhiteElo "1719"]
[BlackElo "1991"]
[PlyCount "47"]
[EventDate "2016.09.24"]
[EventType "team"]
[EventRounds "9"]
[EventCountry "GER"]
[SourceTitle "EXT 2018"]
[Source "ChessBase"]
[SourceDate "2017.10.13"]
[SourceVersion "1"]
[SourceVersionDate "2017.10.13"]
[SourceQuality "1"]
[WhiteTeam "Beelen II"]
[BlackTeam "Muenster Indische Dame"]
[WhiteTeamCountry "GER"]
[BlackTeamCountry "GER"]

1. d4 d5 2. e3 e6 3. Bd3 Bd6 4. f4 f5 5. Nf3 Nf6 6. Ne5 0-0 7. 0-0 Bd7 8. Bd2 Be8 9. Qe1 Qe7 10. c4 c6 11. a3 Nbd7 12. b4 Ne4 13. Nc3 Nxc3 14. Bxc3 Nf6 15. a4 Ne4 16. c5 Bxe5 17. dxe5 Bh5 18. Bxe4 dxe4 19. Rf2 Rfd8 20. Rd2 Rxd2 21. Qxd2 Rd8 22. Bd4 g5 23. Qf2 Kf7 24. Ra2 1/2-1/2

[Event "Muensterland Verbandsklasse 1617"]
[Site "Germany"]
[Date "2017.01.21"]
[Round "5.1"]
[White "Korb, Andreas"]
[Black "Stevermueer, Ruediger"]
[Result "0-1"]
[WhiteElo "1984"]
[BlackElo "1991"]
[PlyCount "92"]
[EventDate "2016.09.24"]
[EventType "team"]
[EventRounds "9"]
[EventCountry "GER"]
[SourceTitle "EXT 2018"]
[Source "ChessBase"]
[SourceDate "2017.10.13"]
[SourceVersion "1"]
[SourceVersionDate "2017.10.13"]
[SourceQuality "1"]
[WhiteTeam "Sendenhorst"]
[BlackTeam "Muenster Indische Dame"]
[WhiteTeamCountry "GER"]
[BlackTeamCountry "GER"]

1. e4 e5 2. Bc4 d5 3. Bxd5 Nf6 4. Nc3 Bb4 5. Nf3 Bxc3 6. bxc3 Nxd5 7. exd5 Qxd5 8. Qe2 0-0 9. c4 Qd6 10. 0-0 f6 11. c3 c5 12. Qe4 Qc6 13. Qh4 e4 14. Ne1 Be6 15. d3 Nd7 16. f3 exd3 17. Nxd3 Nb6 18. Be3 Bxc4 19. Rfd1 Bxd3 20. Rxd3 c4 21. Rd4 Rfe8 22. Qf2 Nd5 23. Bd2 b5 24. Re1 Rxe1+ 25. Qxe1 Re8 26. Re4 Nc7 27. Re3 a6 28. Qh4 Qc5 29. Qf2 Rxe3 30. Bxe3 Qd6 31. Bd4 Qe6 32. h3 Qd6 33. Qe1 Ne6 34. Bf2 f5 35. Qe3 Kf7 36. Qa7+ Kg6 37. Qa8 h6 38. Qe8+ Kh7 39. Qc8 a5 40. h4 Qd5 41. Qb8 b4 42. Be1 b3 43. axb3 cxb3 44. c4 Qxc4 45. Qe5 Qc5+ 46. Qxc5 Nxc5 0-1

[Event "Muensterland Verbandsklasse 1617"]
[Site "Germany"]
[Date "2016.12.10"]
[Round "4.1"]
[White "Stevermueer, Ruediger"]
[Black "Jensen, Soeren"]
[Result "0-1"]
[WhiteElo "1991"]
[BlackElo "1875"]
[PlyCount "110"]
[EventDate "2016.09.24"]
[EventType "team"]
[EventRounds "9"]
[EventCountry "GER"]
[SourceTitle "EXT 2018"]
[Source "ChessBase"]
[SourceDate "2017.10.13"]
[SourceVersion "1"]
[SourceVersionDate "2017.10.13"]
[SourceQuality "1"]
[WhiteTeam "Muenster Indische Dame"]
[BlackTeam "Muenster SK V"]
[WhiteTeamCountry "GER"]
[BlackTeamCountry "GER"]

1. e4 d5 2. d3 Nc6 3. Nd2 Nf6 4. Ngf3 e5 5. Be2 Bc5 6. 0-0 Qe7 7. c3 dxe4 8. dxe4 Bd7 9. b4 Bd6 10. a3 0-0 11. Qc2 a5 12. Bb2 Qe8 13. Nc4 a4 14. Ne3 Ng4 15. Nxg4 Bxg4 16. Rad1 Be6 17. Nd2 f5 18. Bc4 Bxc4 19. Nxc4 Qg6 20. exf5 Rxf5 21. Nxd6 cxd6 22. Rxd6 Qg4 23. Qd1 Qh4 24. Bc1 Raf8 25. Be3 e4 26. Bd4 Rh5 27. h3 Rf3 28. Qxa4 h6 29. Qb3+ Kh7 30. Qe6 Rg5 31. Re1 Nxd4 32. Qxe4+ Qxe4 33. Rxe4 Nb5 34. Rd7 Nxc3 35. Ree7 b5 36. h4 Rg4 37. Kf1 Rf5 38. Rd3 Na4 39. g3 Nb2 40. Rb3 Nc4 41. Kg2 Rd4 42. Rb7 Rd2 43. Rf3 Rxf3 44. Kxf3 Nxa3 45. Ra7 Nc2 46. Ra5 Rd5 47. Ke4 Nxb4 48. g4 Nc6 49. Kxd5 Nxa5 50. Kc5 Nc6 51. Kxb5 Nd4+ 52. Kc4 Nf3 53. Kd3 Nxh4 54. Ke4 Kg6 55. f4 Kf6 0-1

[Event "Muensterland Verbandsklasse 1617"]
[Site "Germany"]
[Date "2016.11.12"]
[Round "3.1"]
[White "Boelker, Franz"]
[Black "Stevermueer, Ruediger"]
[Result "0-1"]
[WhiteElo "1804"]
[BlackElo "1991"]
[PlyCount "120"]
[EventDate "2016.09.24"]
[EventType "team"]
[EventRounds "9"]
[EventCountry "GER"]
[SourceTitle "EXT 2018"]
[Source "ChessBase"]
[SourceDate "2017.10.13"]
[SourceVersion "1"]
[SourceVersionDate "2017.10.13"]
[SourceQuality "1"]
[WhiteTeam "Raesfeld Erle II"]
[BlackTeam "Muenster Indische Dame"]
[WhiteTeamCountry "GER"]
[BlackTeamCountry "GER"]

1. d4 e5 2. dxe5 Nc6 3. Nf3 Qe7 4. Nbd2 Nxe5 5. Nxe5 Qxe5 6. Nf3 Qe4 7. e3 Nf6 8. Bd3 Qg4 9. 0-0 d5 10. c4 dxc4 11. Qa4+ Bd7 12. Qxc4 Qxc4 13. Bxc4 Be7 14. b3 0-0 15. Bb2 b5 16. Be2 a6 17. Ne5 Be6 18. Nc6 Bd6 19. Rac1 Rfe8 20. Rfd1 Bg4 21. Bxg4 Nxg4 22. h3 Nh6 23. Rd5 f6 24. Bd4 Nf7 25. Bc5 Kf8 26. Nd4 g6 27. Nc6 Kg7 28. h4 h5 29. Bd4 Nd8 30. Bb2 Nxc6 31. Rxc6 Kf7 32. Rd2 Re6 33. Rdc2 Ke7 34. g3 Kd7 35. Kg2 a5 36. Bd4 g5 37. f4 gxf4 38. exf4 Rg8 39. Kf3 f5 40. Ra6 Re4 41. Bf2 a4 42. bxa4 Rxa4 43. Rxa4 bxa4 44. Rc4 Ra8 45. Bd4 Ra5 46. Ke3 c5 47. Bc3 Ra8 48. Be5 Kc6 49. Rc3 Rg8 50. Kf3 Be7 51. Rd3 Rd8 52. Re3 Rd5 53. Bg7 Bd6 54. Ke2 c4 55. Re8 Bc7 56. Rc8 Rd8 57. Rxd8 Bxd8 58. Bc3 Kd5 59. Be1 Ke4 60. Bc3 Bb6 0-1

[Event "Muensterland Verbandsklasse 1617"]
[Site "Germany"]
[Date "2016.10.22"]
[Round "2.1"]
[White "Stevermueer, Ruediger"]
[Black "Schudro, Vasily"]
[Result "1-0"]
[WhiteElo "1991"]
[BlackElo "2075"]
[PlyCount "99"]
[EventDate "2016.09.24"]
[EventType "team"]
[EventRounds "9"]
[EventCountry "GER"]
[SourceTitle "EXT 2018"]
[Source "ChessBase"]
[SourceDate "2017.10.13"]
[SourceVersion "1"]
[SourceVersionDate "2017.10.13"]
[SourceQuality "1"]
[WhiteTeam "Muenster Indische Dame"]
[BlackTeam "Metelen"]
[WhiteTeamCountry "GER"]
[BlackTeamCountry "GER"]

1. e4 c5 2. Nc3 Nc6 3. Bb5 g6 4. Bxc6 bxc6 5. d3 Bg7 6. Nge2 d6 7. 0-0 Nf6 8. h3 0-0 9. f4 Nd7 10. f5 Ne5 11. Qe1 e6 12. g4 exf5 13. gxf5 gxf5 14. exf5 d5 15. Qf2 Nd7 16. Qf3 Kh8 17. Kh1 Qh4 18. Qg4 Bf6 19. Qxh4 Bxh4 20. Bf4 Bf6 21. Bd6 Re8 22. Rae1 Ba6 23. b3 Re3 24. Kh2 Rae8 25. Bg3 d4 26. Ne4 R8xe4 27. dxe4 Rxe2+ 28. Rxe2 Be5 29. Bxe5+ Nxe5 30. Ref2 Bxf1 31. Rxf1 Kg7 32. Kg3 f6 33. a4 a5 34. Rd1 Kf7 35. Kh4 Ke7 36. Kh5 Nf7 37. c3 dxc3 38. Rc1 Ng5 39. Rxc3 Kd6 40. e5+ Kxe5 41. Rxc5+ Kd6 42. Rxa5 Nxh3 43. Ra7 Nf4+ 44. Kg4 Nd3 45. Rxh7 Nc5 46. Rh3 Na6 47. Re3 Nc7 48. b4 Kd7 49. a5 Kd6 50. Re6+ 1-0

[Event "Muensterland Verbandsklasse 1516"]
[Site "Germany"]
[Date "2015.12.19"]
[Round "4.1"]
[White "Stevermueer, Ruediger"]
[Black "Boelker, Franz"]
[Result "1-0"]
[WhiteElo "1959"]
[BlackElo "1788"]
[PlyCount "81"]
[EventDate "2015.09.19"]
[EventType "team"]
[EventRounds "9"]
[EventCountry "GER"]
[SourceTitle "EXT 2017"]
[Source "ChessBase"]
[SourceDate "2016.10.25"]
[SourceVersion "1"]
[SourceVersionDate "2016.10.25"]
[SourceQuality "1"]
[WhiteTeam "Muenster Indische Dame"]
[BlackTeam "Raesfeld Erle II"]
[WhiteTeamCountry "GER"]
[BlackTeamCountry "GER"]

1. e4 c5 2. Nc3 d6 3. Bb5+ Nd7 4. d3 a6 5. Bxd7+ Bxd7 6. f4 b5 7. Nf3 e6 8. 0-0 Be7 9. Kh1 Bc6 10. Qe1 Nf6 11. Bd2 Qc7 12. e5 Nd7 13. exd6 Bxd6 14. f5 e5 15. Ne4 f6 16. Ba5 Qb8 17. Qh4 0-0 18. Bd2 c4 19. Be3 cxd3 20. cxd3 Bxe4 21. Qxe4 Kh8 22. Rac1 Rc8 23. Rxc8+ Qxc8 24. Rc1 Qe8 25. Qb7 e4 26. dxe4 Ne5 27. Nd4 Rb8 28. Qd5 Nc4 29. Bg1 Bf4 30. Rc2 Rd8 31. Qe6 Qh5 32. b3 Re8 33. g4 Rxe6 34. gxh5 Rxe4 35. bxc4 h6 36. cxb5 axb5 37. Re2 Rxe2 38. Nxe2 Bg5 39. Kg2 Kg8 40. Kf3 Kf7 41. Ke4 1-0

[Event "Muensterland Verbandsliga 1314"]
[Site "Germany"]
[Date "2014.04.05"]
[Round "8.2"]
[White "Stevermueer, Ruediger"]
[Black "Lodde, Martin"]
[Result "1-0"]
[WhiteElo "1968"]
[BlackElo "1895"]
[PlyCount "79"]
[EventDate "2013.09.07"]
[EventType "team-tourn"]
[EventRounds "9"]
[EventCountry "GER"]
[SourceTitle "EXT 2015"]
[Source "ChessBase"]
[SourceDate "2014.11.20"]
[SourceVersion "1"]
[SourceVersionDate "2014.11.20"]
[SourceQuality "1"]
[WhiteTeam "Muenster Indische Dame"]
[BlackTeam "Telgte"]
[WhiteTeamCountry "GER"]
[BlackTeamCountry "GER"]

1. a3 d5 2. Nf3 Nf6 3. e3 e6 4. b4 a5 5. bxa5 c5 6. Bb2 Nc6 7. Bd3 Be7 8. 0-0 0-0 9. Re1 Nxa5 10. Ne5 Nc6 11. Nxc6 bxc6 12. c4 d4 13. a4 e5 14. exd4 exd4 15. Be2 Re8 16. d3 Bf5 17. Nd2 Bd6 18. Nf1 Qc7 19. Ng3 Bg6 20. Bf1 h5 21. Rxe8+ Rxe8 22. Be2 Ng4 23. Bxg4 hxg4 24. a5 f5 25. a6 Ra8 26. Bc1 Ra7 27. Nf1 Qc8 28. Qa4 f4 29. Ra3 Kh7 30. Qa5 Qb8 31. Bd2 Bf5 32. g3 g5 33. gxf4 gxf4 34. Bxf4 Bxf4 35. Qxc5 Kg6 36. Qxc6+ Kg5 37. Ra5 Rh7 38. Rxf5+ Kxf5 39. Qe4+ Kg5 40. Qxh7 1-0

[Event "Muensterland Verbandsliga 1314"]
[Site "Germany"]
[Date "2014.02.01"]
[Round "6.2"]
[White "Fischer, Andreas"]
[Black "Stevermueer, Ruediger"]
[Result "1/2-1/2"]
[WhiteElo "1936"]
[BlackElo "1968"]
[PlyCount "55"]
[EventDate "2013.09.07"]
[EventType "team-tourn"]
[EventRounds "9"]
[EventCountry "GER"]
[SourceTitle "EXT 2015"]
[Source "ChessBase"]
[SourceDate "2014.11.20"]
[SourceVersion "1"]
[SourceVersionDate "2014.11.20"]
[SourceQuality "1"]
[WhiteTeam "Saerbeck"]
[BlackTeam "Muenster Indische Dame"]
[WhiteTeamCountry "GER"]
[BlackTeamCountry "GER"]

1. e4 e5 2. f4 exf4 3. Nf3 d6 4. d4 g5 5. h4 g4 6. Ng1 Bh6 7. Nc3 c6 8. Nge2 Qf6 9. g3 f3 10. Nf4 Ne7 11. e5 Qg7 12. Nh5 Qg6 13. Nf6+ Kf8 14. Bd3 Bf5 15. Nce4 dxe5 16. dxe5 Bxc1 17. h5 Qh6 18. Qxc1 Qxc1+ 19. Rxc1 Bxe4 20. Bxe4 Nd5 21. Nxg4 Rg8 22. Bxf3 Nd7 23. Kf2 Re8 24. Rce1 Rg5 25. Re2 Nxe5 26. Nxe5 Rexe5 27. Rxe5 Rxe5 28. Re1 1/2-1/2

[Event "Muensterland Verbandsliga 1314"]
[Site "Germany"]
[Date "2014.01.18"]
[Round "5.2"]
[White "Stevermueer, Ruediger"]
[Black "Hanewinkel, Martin"]
[Result "1/2-1/2"]
[WhiteElo "1968"]
[BlackElo "1937"]
[PlyCount "55"]
[EventDate "2013.09.07"]
[EventType "team-tourn"]
[EventRounds "9"]
[EventCountry "GER"]
[SourceTitle "EXT 2015"]
[Source "ChessBase"]
[SourceDate "2014.11.20"]
[SourceVersion "1"]
[SourceVersionDate "2014.11.20"]
[SourceQuality "1"]
[WhiteTeam "Muenster Indische Dame"]
[BlackTeam "Beelen"]
[WhiteTeamCountry "GER"]
[BlackTeamCountry "GER"]

1. e4 c5 2. Nc3 e6 3. Nf3 a6 4. g3 Nc6 5. Bg2 Qc7 6. 0-0 Nf6 7. d3 Be7 8. Bf4 d6 9. Re1 Nd7 10. Bg5 h6 11. Bxe7 Nxe7 12. d4 0-0 13. dxc5 dxc5 14. Qd2 Nc6 15. Rad1 Rd8 16. Qe3 b5 17. e5 Bb7 18. Qf4 Ne7 19. g4 Nf8 20. Ne4 Neg6 21. Qe3 Nxe5 22. Nxe5 Qxe5 23. Nxc5 Qxe3 24. fxe3 Bxg2 25. Kxg2 Ng6 26. Nd7 Nf8 27. Nc5 Ng6 28. Nd7 1/2-1/2

[Event "Muensterland Verbandsliga 1314"]
[Site "Germany"]
[Date "2013.11.16"]
[Round "3.2"]
[White "Stevermueer, Ruediger"]
[Black "Schwietering, Ralf"]
[Result "1/2-1/2"]
[WhiteElo "1968"]
[BlackElo "1892"]
[PlyCount "86"]
[EventDate "2013.09.07"]
[EventType "team-tourn"]
[EventRounds "9"]
[EventCountry "GER"]
[SourceTitle "EXT 2015"]
[Source "ChessBase"]
[SourceDate "2014.11.20"]
[SourceVersion "1"]
[SourceVersionDate "2014.11.20"]
[SourceQuality "1"]
[WhiteTeam "Muenster Indische Dame"]
[BlackTeam "Ochtrup"]
[WhiteTeamCountry "GER"]
[BlackTeamCountry "GER"]

1. e4 c5 2. Nc3 Nc6 3. Bb5 d6 4. d3 Bd7 5. Nge2 Nf6 6. 0-0 g6 7. f4 a6 8. Bc4 b5 9. Bb3 Qb6 10. Kh1 Na5 11. Be3 Bg7 12. Qe1 Nxb3 13. axb3 b4 14. Nd1 0-0 15. Bg1 a5 16. Ne3 e6 17. e5 dxe5 18. Nc4 Qc7 19. Nxe5 Bc6 20. Qf2 Rfc8 21. Nxc6 Qxc6 22. Qf3 Nd7 23. Qxc6 Rxc6 24. Ra2 Rca6 25. Rfa1 Bf8 26. Ng3 Be7 27. Ne4 Kf8 28. Nd2 Bd6 29. Nc4 Bc7 30. g3 Ke8 31. Kg2 Kd8 32. Kf3 Kc8 33. Ra4 Kb7 34. Be3 Kc6 35. Rd1 Nb6 36. Nxb6 Bxb6 37. Rd2 Kb5 38. Re2 Rd8 39. Bf2 Rd7 40. Re5 Rd5 41. Re4 Bd8 42. Rc4 Bf6 43. Ra2 Ra8 1/2-1/2

[Event "Muensterland Verbandsklasse-A 1213"]
[Site "Germany"]
[Date "2013.04.20"]
[Round "8.1"]
[White "Stevermueer, Ruediger"]
[Black "Schulze Ameling, Hendrik"]
[Result "0-1"]
[WhiteElo "2009"]
[BlackElo "1988"]
[PlyCount "72"]
[EventDate "2012.09.15"]
[EventType "team-tourn"]
[EventRounds "9"]
[EventCountry "GER"]
[SourceTitle "EXT 2015"]
[Source "ChessBase"]
[SourceDate "2014.11.20"]
[SourceVersion "1"]
[SourceVersionDate "2014.11.20"]
[SourceQuality "1"]
[WhiteTeam "Muenster Indische Dame"]
[BlackTeam "Ahaus Wessum"]
[WhiteTeamCountry "GER"]
[BlackTeamCountry "GER"]

1. e4 e6 2. d4 d5 3. e5 c5 4. c3 Nc6 5. Nf3 Bd7 6. Bd3 Rc8 7. dxc5 Bxc5 8. 0-0 Qc7 9. b4 Be7 10. Re1 Nh6 11. Bxh6 gxh6 12. Qd2 Bf8 13. Qe3 Bg7 14. Na3 a6 15. Rac1 0-0 16. Bb1 f5 17. exf6 Rxf6 18. Qd3 Be8 19. Qxh7+ Kf8 20. b5 axb5 21. Nxb5 Qf4 22. Re3 e5 23. Rce1 e4 24. Bxe4 dxe4 25. Rxe4 Qb8 26. Rg4 Rf7 27. Nh4 Ne7 28. Nd4 Bd7 29. Rxg7 Rxg7 30. Qh8+ Ng8 31. Re3 Bg4 32. Rf3+ Bxf3 33. Ne6+ Kf7 34. Qxg7+ Kxe6 35. Nxf3 Qf4 36. Nd4+ Kd6 0-1

[Event "Muensterland Verbandsklasse-A 1213"]
[Site "Germany"]
[Date "2012.10.20"]
[Round "2.1"]
[White "Stevermueer, Ruediger"]
[Black "Klein, Bjoern"]
[Result "1-0"]
[WhiteElo "2009"]
[BlackElo "1945"]
[PlyCount "61"]
[EventDate "2012.09.15"]
[EventType "team-tourn"]
[EventRounds "9"]
[EventCountry "GER"]
[SourceTitle "EXT 2015"]
[Source "ChessBase"]
[SourceDate "2014.11.20"]
[SourceVersion "1"]
[SourceVersionDate "2014.11.20"]
[SourceQuality "1"]
[WhiteTeam "Muenster Indische Dame"]
[BlackTeam "Steinfurt"]
[WhiteTeamCountry "GER"]
[BlackTeamCountry "GER"]

1. e4 c6 2. d4 d5 3. c4 dxe4 4. Nc3 Nf6 5. Be3 Bg4 6. Qc2 e6 7. h3 Bh5 8. g4 Bg6 9. 0-0-0 Qc7 10. Nge2 Bd6 11. Bg2 Nbd7 12. g5 Nh5 13. c5 Be7 14. Bxe4 Bxe4 15. Qxe4 g6 16. Kb1 Ng7 17. b4 Nf5 18. Bf4 Qd8 19. h4 h5 20. Ng3 Kf8 21. Rde1 Kg7 22. d5 cxd5 23. Nxd5 Bxc5 24. bxc5 Nxg3 25. Qd4+ Kh7 26. fxg3 exd5 27. g4 Nf8 28. gxh5 gxh5 29. Be5 Rg8 30. Rhf1 Qd7 31. Qd1 1-0

[Event "Muensterland Verbandsliga 1011"]
[Site "Germany"]
[Date "2010.10.30"]
[Round "2.2"]
[White "Stevermueer, Ruediger"]
[Black "Pielnik, Rainer"]
[Result "1-0"]
[WhiteElo "1959"]
[BlackElo "2115"]
[PlyCount "57"]
[EventDate "2010.09.25"]
[EventType "team-tourn"]
[EventRounds "9"]
[EventCountry "GER"]
[SourceTitle "EXT 2012"]
[Source "ChessBase"]
[SourceDate "2011.11.24"]
[SourceVersion "1"]
[SourceVersionDate "2011.11.24"]
[SourceQuality "1"]
[WhiteTeam "Muenster Indische Dame"]
[BlackTeam "Nienberge"]
[WhiteTeamCountry "GER"]
[BlackTeamCountry "GER"]

1. e4 c5 2. Nc3 Nc6 3. f4 e6 4. Nf3 d5 5. Bb5 Nge7 6. exd5 Nxd5 7. 0-0 Be7 8. Ne5 Bd7 9. Bxc6 Bxc6 10. Nxc6 bxc6 11. Ne4 0-0 12. d3 Rb8 13. Qe2 Re8 14. Kh1 Nf6 15. Nd2 Qc7 16. Nc4 Rbd8 17. Bd2 Rd5 18. Bc3 h5 19. Be5 Qb7 20. Rae1 h4 21. Qf3 Rf8 22. Bc3 Qa6 23. Ne3 Rd7 24. f5 Nd5 25. Nxd5 cxd5 26. f6 gxf6 27. Qg4+ Kh7 28. Qxh4+ Kg8 29. Qg4+ 1-0

[Event "Muensterland Verbandsliga 1011"]
[Site "Germany"]
[Date "2010.09.25"]
[Round "1.2"]
[White "Kipp, Lucas"]
[Black "Stevermueer, Ruediger"]
[Result "0-1"]
[WhiteElo "1963"]
[BlackElo "1959"]
[PlyCount "40"]
[EventDate "2010.09.25"]
[EventType "team-tourn"]
[EventRounds "9"]
[EventCountry "GER"]
[SourceTitle "EXT 2012"]
[Source "ChessBase"]
[SourceDate "2011.11.24"]
[SourceVersion "1"]
[SourceVersionDate "2011.11.24"]
[SourceQuality "1"]
[WhiteTeam "Saerbeck"]
[BlackTeam "Muenster Indische Dame"]
[WhiteTeamCountry "GER"]
[BlackTeamCountry "GER"]

1. e4 e5 2. Nf3 d6 3. Bc4 Be7 4. 0-0 Nf6 5. Nc3 c6 6. a4 Qc7 7. d4 b6 8. Bg5 Nbd7 9. Qe2 0-0 10. d5 c5 11. Bb5 Nb8 12. Rfd1 a6 13. Bc4 Ne8 14. Rd3 Bg4 15. Qd2 Qd8 16. Re1 Ra7 17. Ne2 f6 18. Bh4 g6 19. h3 Bd7 20. Nc3 Rf7 0-1

[Event "Muensterland Verbandsklasse-A 0910"]
[Site "Germany"]
[Date "2010.02.20"]
[Round "7.3"]
[White "Stevermueer, Ruediger"]
[Black "Mast, Holger"]
[Result "1/2-1/2"]
[WhiteElo "1992"]
[BlackElo "1739"]
[PlyCount "69"]
[EventDate "2009.09.19"]
[EventType "team-tourn"]
[EventRounds "9"]
[EventCountry "GER"]
[SourceTitle "EXT 2011"]
[Source "ChessBase"]
[SourceDate "2010.11.26"]
[SourceVersion "1"]
[SourceVersionDate "2010.11.26"]
[SourceQuality "1"]
[WhiteTeam "Muenster Indische Dame"]
[BlackTeam "Ahaus Wessum II"]
[WhiteTeamCountry "GER"]
[BlackTeamCountry "GER"]

1. e4 c5 2. Nf3 d6 3. d4 cxd4 4. c3 g6 5. cxd4 Bg7 6. h3 Nc6 7. Be3 Nf6 8. Nc3 0-0 9. Be2 Bd7 10. Rc1 a6 11. 0-0 b5 12. Nd2 Re8 13. d5 Na5 14. b4 Nb7 15. Nb3 Rc8 16. Nd4 e6 17. dxe6 Bxe6 18. Nxe6 Rxe6 19. Bf3 Re7 20. Nd5 Nxd5 21. Qxd5 Kh8 22. Rxc8 Qxc8 23. Rc1 Qe8 24. Qc6 f5 25. Qxe8+ Rxe8 26. exf5 Nd8 27. fxg6 hxg6 28. Rc8 Bf6 29. Ra8 Kg7 30. Rxa6 Nf7 31. Bd5 Ne5 32. Rxd6 Nc4 33. Rd7+ Kh8 34. Bh6 Nb6 35. Bc6 1/2-1/2

[Event "Muensterland Verbandsklasse-A 0910"]
[Site "Germany"]
[Date "2010.01.09"]
[Round "5.3"]
[White "Stevermueer, Ruediger"]
[Black "Grund, Wolfgang"]
[Result "1/2-1/2"]
[WhiteElo "1992"]
[BlackElo "1836"]
[PlyCount "103"]
[EventDate "2009.09.19"]
[EventType "team-tourn"]
[EventRounds "9"]
[EventCountry "GER"]
[SourceTitle "EXT 2011"]
[Source "ChessBase"]
[SourceDate "2010.11.26"]
[SourceVersion "1"]
[SourceVersionDate "2010.11.26"]
[SourceQuality "1"]
[WhiteTeam "Muenster Indische Dame"]
[BlackTeam "Duelmen"]
[WhiteTeamCountry "GER"]
[BlackTeamCountry "GER"]

1. e4 c5 2. Nf3 Nc6 3. d4 cxd4 4. c3 dxc3 5. Nxc3 e6 6. Bc4 Bb4 7. 0-0 Bxc3 8. bxc3 Nge7 9. Re1 Qa5 10. Bf4 Qxc3 11. Rc1 Qa5 12. Nd4 Nxd4 13. Qxd4 0-0 14. Bd2 Nc6 15. Qb2 Qd8 16. Bc3 f6 17. Rcd1 Qe7 18. Re3 b6 19. Red3 Rb8 20. Rd6 b5 21. Bxe6+ dxe6 22. Rxc6 b4 23. Bd4 Bb7 24. Rcc1 Rbc8 25. f3 a5 26. Qb3 Rfd8 27. Bb6 Rxc1 28. Rxc1 Rc8 29. Rd1 Bc6 30. Qe3 Ba4 31. Rc1 Rxc1+ 32. Qxc1 Be8 33. Qc5 Qxc5+ 34. Bxc5 Bb5 35. Bb6 a4 36. Bc5 b3 37. axb3 axb3 38. Ba3 Kf7 39. Kf2 Bd3 40. Ke3 Bc2 41. g3 e5 42. f4 Ke6 43. fxe5 Kxe5 44. Bb2+ Ke6 45. h4 g6 46. Kf4 h6 47. Bc3 g5+ 48. Ke3 f5 49. hxg5 hxg5 50. exf5+ Kxf5 51. Kd2 Ke4 52. Kc1 1/2-1/2

[Event "Muensterland Verbandsklasse-A 0910"]
[Site "Germany"]
[Date "2009.11.21"]
[Round "3.3"]
[White "Boesel, Alexander"]
[Black "Stevermueer, Ruediger"]
[Result "1-0"]
[WhiteElo "1858"]
[BlackElo "1992"]
[PlyCount "49"]
[EventDate "2009.09.19"]
[EventType "team-tourn"]
[EventRounds "9"]
[EventCountry "GER"]
[SourceTitle "EXT 2011"]
[Source "ChessBase"]
[SourceDate "2010.11.26"]
[SourceVersion "1"]
[SourceVersionDate "2010.11.26"]
[SourceQuality "1"]
[WhiteTeam "Olfen"]
[BlackTeam "Muenster Indische Dame"]
[WhiteTeamCountry "GER"]
[BlackTeamCountry "GER"]

1. d4 d5 2. c4 e6 3. Nf3 c5 4. cxd5 exd5 5. g3 Nc6 6. Bg2 Nf6 7. 0-0 Qb6 8. Nc3 cxd4 9. Na4 Qb5 10. Nxd4 Nxd4 11. Qxd4 Be6 12. Bg5 Be7 13. Nc3 Qd7 14. Rad1 0-0 15. e4 Bg4 16. e5 Ne4 17. Nxe4 Bxd1 18. Rxd1 Bxg5 19. Nxg5 h6 20. Ne4 Rfe8 21. Nd6 Re7 22. Bxd5 Qc7 23. Qg4 Rxe5 24. Nf5 g6 25. Qxg6+ 1-0

[Event "Muensterland Verbandsklasse-A 0910"]
[Site "Germany"]
[Date "2009.10.24"]
[Round "2.2"]
[White "Storck, Martin"]
[Black "Stevermueer, Ruediger"]
[Result "1/2-1/2"]
[WhiteElo "2009"]
[BlackElo "1992"]
[PlyCount "92"]
[EventDate "2009.09.19"]
[EventType "team-tourn"]
[EventRounds "9"]
[EventCountry "GER"]
[SourceTitle "EXT 2011"]
[Source "ChessBase"]
[SourceDate "2010.11.26"]
[SourceVersion "1"]
[SourceVersionDate "2010.11.26"]
[SourceQuality "1"]
[WhiteTeam "Gronau"]
[BlackTeam "Muenster Indische Dame"]
[WhiteTeamCountry "GER"]
[BlackTeamCountry "GER"]

1. c4 e6 2. Nc3 d5 3. d4 c5 4. e3 Nf6 5. Nf3 Nc6 6. Be2 h6 7. 0-0 cxd4 8. exd4 Bd6 9. h3 0-0 10. Be3 Bd7 11. Re1 Rc8 12. a3 dxc4 13. Bxc4 Ne7 14. Bb3 Ned5 15. Nxd5 exd5 16. Ne5 Bf5 17. Ng4 Nxg4 18. hxg4 Be6 19. Qf3 Qh4 20. Qh3 Qxh3 21. gxh3 g5 22. Kg2 Kg7 23. Rac1 Kf6 24. f3 b6 25. Rf1 Rxc1 26. Bxc1 Ke7 27. Bd2 Rc8 28. Rc1 Rxc1 29. Bxc1 f6 30. Bd2 Bf7 31. h4 Ke6 32. hxg5 hxg5 33. f4 gxf4 34. Kf3 Bg6 35. Bxf4 Be4+ 36. Kg3 Bf8 37. Ba4 Be7 38. Bb5 a5 39. Be8 Bd6 40. Bf7+ Kxf7 41. Bxd6 b5 42. Bc7 a4 43. Bd8 Ke6 44. Kf4 Bd3 45. Ke3 Bc4 46. Kd2 Kf7 1/2-1/2

[Event "Muensterland Verbandsliga 0708"]
[Site "Germany"]
[Date "2007.11.03"]
[Round "3.6"]
[White "Overesch, Dieter"]
[Black "Stevermueer, Ruediger"]
[Result "1-0"]
[WhiteElo "1814"]
[BlackElo "2150"]
[PlyCount "67"]
[EventDate "2007.09.08"]
[EventType "team-tourn"]
[EventRounds "9"]
[EventCountry "GER"]
[SourceTitle "EXT 2009"]
[Source "ChessBase"]
[SourceDate "2008.11.26"]
[SourceVersion "1"]
[SourceVersionDate "2008.11.26"]
[SourceQuality "1"]
[WhiteTeam "Nordwalde"]
[BlackTeam "Westbevern"]
[WhiteTeamCountry "GER"]
[BlackTeamCountry "GER"]

1. d4 d5 2. Nf3 e6 3. Bf4 c5 4. e3 Nc6 5. Nbd2 Qb6 6. dxc5 Qxb2 7. Bd3 f6 8. Bd6 Bxd6 9. cxd6 Qa3 10. 0-0 Qxd6 11. c4 Nge7 12. cxd5 Nxd5 13. Ne4 Qe7 14. Bc4 0-0 15. Bxd5 Rd8 16. Bxe6+ Bxe6 17. Qa4 Rd5 18. Rfc1 b5 19. Qa6 Nb4 20. Qa5 Nd3 21. Rc2 b4 22. Qa6 b3 23. axb3 Nb4 24. Qa3 Rd7 25. Rcc1 Rad8 26. Nd4 Bg4 27. Nc5 Rxd4 28. exd4 Rxd4 29. Qxa7 Qd6 30. Qa8+ Kf7 31. Re1 Be2 32. Rxe2 Rd1+ 33. Re1 Rxa1 34. Qe8# 1-0